[Event "IRL-ch 100th First Week"]
[Site "Dublin"]
[Date "2021.07.24"]
[Round "3"]
[White "Srivastava, Aarush"]
[Black "Singhal, Vivaan"]
[Result "0-1"]
[WhiteElo "700"]
[BlackElo "700"]
[PlyCount "70"]
[EventDate "2021.07.23"]
[EventType "swiss"]
[EventRounds "5"]
[EventCountry "IRL"]
[SourceTitle "EXT 2022"]
[Source "ChessBase"]
[SourceDate "2021.10.06"]
[SourceVersion "1"]
[SourceVersionDate "2021.10.06"]
[SourceQuality "1"]

1. c4 e5 2. Nc3 Nf6 3. g3 Nc6 4. Bg2 b6 5. e3 Bb7 6. Nge2 Be7 7. b3 0-0 8. 0-0 Rb8 9. a3 d6 10. Bb2 Qd7 11. Qc2 Qg4 12. Rfe1 Nd8 13. Nd5 Nxd5 14. cxd5 Ba6 15. d3 Re8 16. f3 Qg5 17. Nc3 Qg6 18. Rad1 Bg5 19. b4 f5 20. f4 exf4 21. exf4 Rxe1+ 22. Rxe1 Bf6 23. Qa4 Kf8 24. Qxa6 Bd4+ 25. Kh1 Qf6 26. Qc4 Nf7 27. Qxc7 Re8 28. Rxe8+ Kxe8 29. Qc8+ Nd8 30. Bh3 Qe7 31. Bf1 Qe1 32. Kg2 Qf2+ 33. Kh3 Qxf1+ 34. Kh4 Bf6+ 35. Kh5 Qh3# 0-1